Financial crisis and business cycle

Popis teórie hospodárskych cyklov a vzniku globálnej finančnej a hospodárskej krízy. Globálna finančná kríza jasne demonštrovala úlohu bankových úverov v šírení finančnej krízy a hospodárskych cyklov.

Gespeichert in:
Bibliographische Detailangaben
1. Verfasser: Dziurová, Valéria, 1986-
Format: Buchkapitel
Sprache:Englisch
Schlagworte:
Tags: Tag hinzufügen
Keine Tags, Fügen Sie das erste Tag hinzu!

MARC

LEADER 00000naa$a2200000$$$4500
001 0236635
005 20240502083632.6
041 0 |a eng 
044 |a BG 
245 1 0 |a Financial crisis and business cycle  |c Valéria Dziurová 
520 |a Popis teórie hospodárskych cyklov a vzniku globálnej finančnej a hospodárskej krízy. Globálna finančná kríza jasne demonštrovala úlohu bankových úverov v šírení finančnej krízy a hospodárskych cyklov. 
610 2 0 |a cykly hospodárske 
610 2 0 |a kríza finančná 
610 2 0 |a kríza hospodárska 
610 2 0 |a banky 
610 2 0 |a úver bankový 
610 2 0 |a teória kríz 
610 2 0 |a teória ekonomického rastu 
100 1 |a Dziurová, Valéria, 1986-